书目信息 |
| 题名: |
OHM图解操作系统
|
|
| 作者: | 羽山博 著 ;白玉林 , 王毓仁 译 | |
| 分册: | ||
| 出版信息: | 北京 科学出版社 2004.05 |
|
| 页数: | 197页 | |
| 开本: | 21cm | |
| 丛书名: | OHM图解系列 | |
| 单 册: | ||
| 中图分类: | TN01-64 | |
| 科图分类: | ||
| 主题词: | 操作系统--图解 , 电工技术--图解 , 电子技术--图解 | |
| 电子资源: | ||
| ISBN: | 7-03-013034-0 | |
| 000 | 00984nam 2200289 450 | |
| 001 | 0161231231 | |
| 005 | 20051014095541.06 | |
| 010 | @a7-03-013034-0@dCNY16.50 | |
| 100 | @a20040830d2004 km y0chiy0120 ea | |
| 101 | 1 | @achi@cjpn |
| 102 | @aCN@b110000 | |
| 105 | @aa z 000yy | |
| 200 | 1 | @aOHM图解操作系统@AOHM tu jie cao zuo xi tong@f(日) 羽山博著@F(ri)yu shan bo zhu@g白玉林, 王毓仁译@Gbai yu lin,wang yu ren yi |
| 210 | @a北京@c科学出版社@d2004.05 | |
| 215 | @a197页@c图@d21cm | |
| 225 | 2 | @aOHM图解系列 |
| 330 | @a该书从操作系统的基础知识入手,详细介绍了计算机的组成、计算机的运行、多程序运行、存储器的使用、数据的保存和高速输入输出等内容。 | |
| 410 | 0 | @12001 @aOHM图解系列 |
| 606 | 0 | @a操作系统@x图解 |
| 606 | 0 | @a电工技术@x图解 |
| 606 | 0 | @a电子技术@x图解 |
| 690 | @aTN01-64@v4 | |
| 701 | 0 | @a羽山博@Ayu shan bo@4著 |
| 702 | 0 | @a白玉林@Abai yu lin@4译 |
| 702 | 0 | @a王毓仁@Awang yu ren@4译 |
| 801 | 0 | @aCN@bQSSK@c20051014 |
| 905 | @a10447@dTN01-64@eY829 | |
| OHM图解操作系统/(日) 羽山博著/白玉林, 王毓仁译.-北京:科学出版社,2004.05 |
| 197页:图;21cm.-(OHM图解系列) |
| ISBN 7-03-013034-0:CNY16.50 |
| 该书从操作系统的基础知识入手,详细介绍了计算机的组成、计算机的运行、多程序运行、存储器的使用、数据的保存和高速输入输出等内容。 |
| ● |
| 相关链接 |
|
|
|
正题名:OHM图解操作系统
索取号:TN01-64/Y829
 
预约/预借
| 序号 | 登录号 | 条形码 | 馆藏地/架位号 | 状态 | 备注 |
| 1 | 567899 | 205678998 | 自科库301/301自科库 24排2列5层/ [索取号:TN01-64/Y829] | 在馆 | |
| 2 | 567900 | 205679005 | 自科库301/301自科库 24排2列5层/ [索取号:TN01-64/Y829] | 在馆 |